Palmes d'or - Statistiques

Statistiques générales
  • Ce quiz a été pris 176 fois
  • Le résultat moyen est 21 sur 31
Statistiques - réponses
Année Réal Film % Correct
1994 Quentin Tarantino Pulp Fiction
95%
2002 Roman Polanski Le Pianiste
90%
2023 Justine Triet Anatomie d'une chute
88%
1976 Martin Scorsese Taxi Driver
87%
1979 Francis Ford Coppola Apocalypse Now
84%
1974 Francis Ford Coppola Conversation secrète
84%
1984 Wim Wenders Paris, Texas
82%
2012 Michael Haneke Amour
81%
2009 Michael Haneke Le Ruban blanc
81%
2013 Abdellatif Kechiche La Vie d'Adèle
77%
2000 Lars von Trier Dancer in the Dark
74%
2003 Gus Van Sant Elephant
73%
2011 Terrence Malick The Tree of Life
73%
1990 David Lynch Sailor et Lula
72%
1960 Federico Fellini La dolce vita
72%
2016 Ken Loach Moi, Daniel Blake
72%
2006 Ken Loach Le vent se lève
72%
2021 Julia Ducournau Titane
68%
2015 Jacques Audiard Dheepan
66%
2022 Ruben Östlund Triangle of Sadness
66%
2017 Ruben Östlund The Square
66%
1966 Claude Lelouch Un homme et une femme
61%
1963 Luchino Visconti Le Guépard
59%
1987 Maurice Pialat Sous le soleil de Satan
57%
2018 Hirokazu Kore-eda Une affaire de famille
54%
1967 Michelangelo Antonioni Blow-Up
53%
2001 Nanni Moretti La Chambre du fils
51%
1980 Akira Kurosawa Kagemusha, l'Ombre du guerrier
49%
2008 Laurent Cantet Entre les murs
46%
1989 Steven Soderbergh Sexe, Mensonges et Vidéo
46%
1982 Costa-Gavras Missing
25%
Aucun quiz correspondant
Distribution des résultats
% des personnes avec chaque résultat
Percentile par nombre de réponses
Votre historique - résultats
Vous n’avez pas pris ce quiz